マーチャオの店舗名 - Statistics

General Stats
  • This quiz has been taken 16 times
  • The average score is 30 of 56
Answer Stats
都道府県 備考 答え % Correct
東京 ゼータ 新宿
85%
宮城 プサイ 仙台
85%
栃木 サジタリアス 宇都宮
85%
東京 イオタ 秋葉原
77%
東京 カプリコン 秋葉原
77%
東京 アース 秋葉原
77%
神奈川 ミュー 横浜
77%
千葉 パイ 船橋
77%
北海道 ジュピター 札幌
77%
東京 ウェルカム直営店 秋葉原
77%
神奈川 ウェルカム直営店 横浜
77%
北海道 ウェルカム直営店 札幌
77%
静岡 ビスケス 浜松
69%
東京 シータ 池袋
69%
東京 ジェミニ 池袋
69%
神奈川 タウ 川崎
69%
千葉 シグマ 千葉
69%
東京 ウェルカム直営店 渋谷
69%
大阪 アリエス 梅田
62%
大阪 ベータ 梅田
62%
大阪 オミクロン 梅田
62%
兵庫 イプシロン 神戸
62%
岐阜 アメシスト 岐阜
62%
広島 ファイ 広島
62%
岡山 パール 岡山
62%
熊本 ダイヤモンド 熊本
62%
東京 ウプシロン 赤羽
62%
東京 ウラヌス 新橋
62%
東京 ガーネット 品川
62%
千葉 タウラス 松戸
62%
大阪 ガンマ 難波
54%
東京 デルタ 吉祥寺
54%
埼玉 ニュー 川口
54%
千葉 ネプチューン 津田沼
54%
東京 ウェルカム直営店 高田馬場
54%
京都 京都駅前
46%
大阪 スコーピオ 京橋
46%
福岡 マーキュリー 小倉
46%
東京 ラムダ 北千住
46%
東京 レオ 立川
46%
大阪 クシー 天王寺
38%
愛知 ロー 名古屋駅
38%
東京 ライブラ 錦糸町
38%
福岡 プルート 中洲
31%
東京 アクエリアス 多摩センター
31%
東京 キャンサー 町田
31%
東京 ルビー 町田
31%
東京 マーズ 蒲田
31%
奈良 カッパー 大和八木
23%
愛知 カイ 名古屋栄
23%
京都 エース 四条烏丸
15%
大阪 オメガ 堺東
15%
滋賀 サターン 南草津
15%
愛知 エメラルド 名古屋金山
15%
東京 アクアマリン 西葛西
15%
埼玉 ヴィーナス 新越谷
15%
No matching quizzes found
Score Distribution
Percent of People with Each Score
Percentile by Number Answered
Your Score History
You have not taken this quiz